Animated Movie by Characters Quiz Stats

 Plays Quiz Updated Dec 9, 2014

Challenge
Share
Tweet
Embed
Score 0/40 Timer 08:00
17 Plays Today
Characters Movie % Correct
Woody, Buzz Lightyear (1995)Toy Story
97.5%
Donkey, Lord Farquaad (2001)Shrek
94.8%
Belle, Gaston (1991)Beauty and the Beast
94.6%
Princess Jasmine, Iago (1992)Aladdin
93.3%
Ursula, Sebastian (1989)Little Mermaid
90.2%
Nala, Timon (1994)The Lion King
89.3%
Mad Hatter, Queen of Hearts (1951)Alice in Wonderland
86.1%
Cruella De Vil, Pongo (1961)101 Dalmatians
84.1%
Flower, Thumper (1942)Bambi
82.2%
Elastigirl, Frozone (2004)The Incredibles
82%
Lightning McQueen, Mater (2006)Cars
80.8%
Marlin, Dory (2003)Finding Nemo
77.3%
Randall Boggs, Sulley (2001)Monsters, Inc.
75.1%
Friar Tuck, Little John (1973)Robin Hood
74.9%
Bagheera, Kaa (1967)The Jungle Book
69.7%
Shan-Yu, Yao (1998)Mulan
64.5%
Jack Skellington, Sally (1993)Nightmare Before Christmas
64.3%
EVE, Captain McCrea (2008)WALL-E
62.9%
Flik, Hopper (1998)A Bug's Life
61.2%
Philoctetes, Meg (1997)Hercules
61.2%
Characters Movie % Correct
Carl Frederickson, Russell (2009)Up
60%
Bill Murray, Bugs Bunny (1996)Space Jam
60%
Remy, Gusteau (2007)Ratatouille
52.9%
Prince Phillip, Flora (1959)Sleeping Beauty
52.5%
Dimitri, Rasputin (1997)Anastasia
49.5%
Terk, Jane Porter (1999)Tarzan
48.7%
Po, Shifu (2008)Kung Fu Panda
47.8%
Duchess, Roquefort (1970)The AristoCats
43.3%
Aunt Sarah, Darling (1955)Lady and the Tramp
33.9%
Timothy Q. Mouse, Jim Crow (1941)Dumbo
27.9%
Marty, Melman (2005)Madagascar
26.8%
1, 2 (2009)9
26.1%
Centipede, Ladybug (1996)James and the Giant Peach
22.3%
Manfred, Soto (2002)Ice Age
18%
Chip, Z (1998)Antz
12.3%
Gideon, Lampwick (1940)Pinocchio
11.3%
Ash, Badger (2009)Fantastic Mr. Fox
8%
Hazel, Bigwig (1978)Watership Down
7.9%
Fetcher, Rocky (2000)Chicken Run
5.5%
Annie Hughes, Marv Loach (1999)Iron Giant
4.6%

You're not logged in!

Compare scores with friends on all Sporcle quizzes.
OR
Log In

You Might Also Like...

Show Comments

Extras

Top Quizzes Today


Score Distribution

Your Account Isn't Verified!

In order to create a playlist on Sporcle, you need to verify the email address you used during registration. Go to your Sporcle Settings to finish the process.

Report this User

Report this user for behavior that violates our Community Guidelines.

Details: